Central Library OPAC University of Rajshahi

Law and the Algerian Revolution / (Record no. 65717)

MARC details
000 -LEADER
fixed length control field 00787nam a2200241 a 4500
001 - CONTROL NUMBER
control field 65717
003 - CONTROL NUMBER IDENTIFIER
rucl marc code BD-RjUL
005 - DATE AND TIME OF LATEST TRANSACTION
control field 20211209081445.0
008 - FIXED-LENGTH DATA ELEMENTS--GENERAL INFORMATION
fixed length control field 170309s1961 be a 000 0 eng d
035 ## - SYSTEM CONTROL NUMBER
System control number (BD-RjUL)65847
040 ## - CATALOGING SOURCE
Original cataloging agency DLC
Transcribing agency UTL
Modifying agency BD-RjUL
Language of cataloging eng
041 ## - LANGUAGE CODE
Language code of text/sound track or separate title eng
082 ## - DEWEY DECIMAL CLASSIFICATION NUMBER
Edition number 23
Classification number 965
Author mark and year BEL 1961
100 1# - MAIN ENTRY--PERSONAL NAME
Personal name Bedjaoui, Mohammed
9 (RLIN) 194338
245 10 - TITLE STATEMENT
Title Law and the Algerian Revolution /
Statement of responsibility, etc. Mohammed Bedjaoui ; Pref. by Peirre Cot
260 ## - PUBLICATION, DISTRIBUTION, ETC. (IMPRINT)
Place of publication, distribution, etc. Belgium :
Name of publisher, distributor, etc. Brussels,
Date of publication, distribution, etc. 1961.
300 ## - PHYSICAL DESCRIPTION
Pagination 260 p. :
Illustrations ill. ;
Size 24 cm.
490 0# - SERIES STATEMENT
Series statement Publications of the International Association of Democratic Lawyers
651 #0 - SUBJECT ADDED ENTRY--GEOGRAPHIC NAME
Geographic name Algeria
9 (RLIN) 194339
700 ## - ADDED ENTRY--PERSONAL NAME
Personal name Cot, Peirre
830 ## - SERIES ADDED ENTRY--UNIFORM TITLE
Uniform title Publications of the International Association of Democratic Lawyers
942 ## - ADDED ENTRY ELEMENTS (KOHA)
Source of classification or shelving scheme Dewey Decimal Classification
Koha item type Books
Holdings
Lost status Source of classification or shelving scheme Damaged status Not for loan Collection code Permanent Location Current Location Shelving location Date acquired Source of acquisition Total Checkouts Full call number Date last seen Copy number Koha item type
  Dewey Decimal Classification   Not For Loan Non-fiction Central Library, University of Rajshahi Central Library, University of Rajshahi Reading Room 02/06/1962 Pak. a Village Dept.   965 BEL 1961 09/03/2017 C-1 Books